000 01182nam a2200241 a 4500
008 211203s2020 ||||||||||||||||| || u
020 _a9783838211763
050 _aHV 800 Neb
100 _aEmeke-Anuna, Chinyere
245 1 0 _aChild poverty and social protection in Central and Western Africa
_cEdited by Gustave Nebie; Chinyere Emeka-Anuna; Felix Fofana N'Zue; Enrique Delamonica
260 _aNorway
_bibidem-Verlag
_c2020
300 _a341 pages : illustrations
350 _a57.97
650 _aCHILD WELFARE--AFRICA
700 _aN'Zue, Felix Fofana
700 _aEmeka-Anuna,Chinyere
700 _aDelamonica, Enrique
700 _aEnrique,Delamonica
700 _aNebie, Gustave
995 _aMAIN LIBRARY OPEN ACCESS
_e751584
_FCBU-MAIN LIBRARY (Kitwe)
_I57.97
_jHV 800 Neb
_UAVAILABLE
_WDec 7, 2021
_y751584
_ZMain Library Open Access Collection
995 _aMAIN LIBRARY OPEN ACCESS
_e751582
_FCBU-MAIN LIBRARY (Kitwe)
_I57.97
_jHV 800 Neb
_UAVAILABLE
_WDec 7, 2021
_y751582
_ZMain Library Open Access Collection
995 _aMAIN LIBRARY OPEN ACCESS
_e751583
_FCBU-MAIN LIBRARY (Kitwe)
_I57.97
_jHV 800 Neb
_UAVAILABLE
_WDec 7, 2021
_y751583
_ZMain Library Open Access Collection
999 _c78212
_d78212